| 000 | 00350nam a22001337a 4500 | ||
|---|---|---|---|
| 008 | 181207b xxu||||| |||| 00| 0 eng d | ||
| 020 | _a9780803639713 | ||
| 041 | _aeng | ||
| 080 |
_25th _a610 |
||
| 100 | _a3 | ||
| 101 | _aSHM | ||
| 245 |
_aMedical Terminology Simplified A Programmed Learning Approach by Body System _cGylys,B.A |
||
| 942 |
_2udc _cBK |
||
| 999 |
_c53017 _d53017 |
||